00790nam a2200193Ia 4500020001800000082001900018245011500037260002900152300000800181440002200189500008700211650005000298650006000348650005900408700002100467700001900488700001900507710007000526 a9783598220388 a025.00285 MAN- 0aManaging technologies and automated library systems in developing countries: open source vs commercial options aMunchenbK.G. Saurc2008 a217 aIFLA publications aproceedings of the IFLA pre-conference satellite meeting, Dakar, August 15-16 2007 aLibrariesvAutomationvManagementvCongresses aLibrariesvDeveloping countriesvAutomationvCongresses aLibrary sciencevTechnological innovationsvCongresses aKoopman, Sjoerd aDione, Bernard aSavard, Rejean aInternational Federation of Library Associations and Institutions